Library Banner

Sirat i Ghaus i Azam quda sira ul aziz yani Mahboob sSubhani, Qutab i Rabbani, Ghaus i Samdani Hazrat Shaikh Abdul Qadir Gilani Razi Allah Unho ke jamea aur mustnad halaat = سیرتِ غوثِ اعظم قدس سرہ العزیز یعنی محبوب سبحانی، قطبِ ربانی، غوث صمدانی حضرت شیخ عبدالقادر جیلانی رضی اللہ عنہ کے جامع اور مُستند حالات / (Record no. 128282)

MARC details
000 -LEADER
fixed length control field 00866nam a22001457a 4500
005 - DATE AND TIME OF LATEST TRANSACTION
control field 20220912102606.0
008 - FIXED-LENGTH DATA ELEMENTS--GENERAL INFORMATION
fixed length control field 220912b ||||| |||| 00| 0 eng d
040 ## - CATALOGING SOURCE
Transcribing agency PK-LaUMT
082 ## - DEWEY DECIMAL CLASSIFICATION NUMBER
Classification number APC 297.4
Item number DAU-S
100 ## - MAIN ENTRY--PERSONAL NAME
Personal name Daud, Muhammad = داوٗد، محمد
245 ## - TITLE STATEMENT
Title Sirat i Ghaus i Azam quda sira ul aziz yani Mahboob sSubhani, Qutab i Rabbani, Ghaus i Samdani Hazrat Shaikh Abdul Qadir Gilani Razi Allah Unho ke jamea aur mustnad halaat = سیرتِ غوثِ اعظم قدس سرہ العزیز یعنی محبوب سبحانی، قطبِ ربانی، غوث صمدانی حضرت شیخ عبدالقادر جیلانی رضی اللہ عنہ کے جامع اور مُستند حالات /
Statement of responsibility, etc by Muhammad Daud = از محمد داوٗد
260 ## - PUBLICATION, DISTRIBUTION, ETC. (IMPRINT)
Place of publication, distribution, etc Dera Ismael Khan :
Name of publisher, distributor, etc Maktabah Sirajia Khanqah Ahmadia,Saeedia,
Date of publication, distribution, etc 1983
300 ## - PHYSICAL DESCRIPTION
Extent 304 p.
942 ## - ADDED ENTRY ELEMENTS (KOHA)
Koha item type Books
Holdings
Withdrawn status Lost status Damaged status Home library Current library Date acquired Full call number Barcode Date last seen Price effective from Koha item type
      UMT Main Campus UMT Main Campus 2022-09-12 APC 297.4 DAU-S 143310 2022-09-12 2022-09-12 Books